Estatísticas para Cultura Geral

Clique aqui para jogar o quiz

Estatísticas Gerais

  • Esse quiz foi jogado 15 vezes
  • A pontuação média é 10 de 15

Estatísticas das Respostas

HintResposta% Correto
Que árvore dá a banana?Bananeira
100%
Que médico trata de doenças do coração?Cardiologista
100%
Qual é a estátua mais famosa do Brasil?Cristo Redentor
100%
Qual é o terceiro planeta a partir do Sol no Sistema Solar?Terra
100%
Que médico trata de doenças da pele?Dermatologista
83%
Qual é a cordilheira mais alta da América do Sul?Andes
75%
A carne barreado é típica de que país?Brasil
75%
Em que país podemos encontrar a cidade de Albuquerque?Estados Unidos
58%
Qual é o único país onde os dragões de komodo vivem em estado selvagem?Indonésia
50%
Qual é a maior ilha do Oceano Índico?Madagáscar
50%
Que país compartilha seu nome com um estado dos EUA?Geórgia
42%
Na série Star Wars que personagem tem um sabre de luz roxo?Mace Windu
42%
Que nome damos ao filamento, composto em grande parte de ceratina, que cresce na pele de alguns animais, incluindo humanos?Pelo
33%
Que nome damos á extração de organismos aquáticos, do meio onde se desenvolveram para diversos fins?Pesca
25%
Qual nome de família é compartilhado por aproximadamente 40% dos vietnamitas?Nguyen
17%

Distribuição das Pontuações

Percentil de Números Respondidos

Porcentagem de Pessoas com Cada Pontuação

Sua Pontuação Histórica

Você não jogou esse quiz